=LDR 00000nam 2200000 4500 =001 INLIS000000001052510 =005 20240917103259 =035 ##$$a 0010-0924000049 =007 ta =008 240917################b##########j###### =020 ##$$a 89-349-1768-7 =082 ##$$a 92 =084 ##$$a 92 (Darwin) SIS p =100 3#$$a Sis, Peter =245 1#$$a Pohon kehidupan : $b Charles Darwin /$c Peter Sis =260 ##$$a Gyeonggi-do :$b Gimm-Young Publishing,$c 2006 =300 ##$$a 32 hlm. : $b ilus. ; $c 23,5 x 31 cm =600 #4$$a Darwin, Charles Robert 1809-1882 =990 ##$$a 3202401904 =990 ##$$a 3202401904